| 000 | 00551nam a2200205 a 4500 | ||
|---|---|---|---|
| 001 | BRCA_6998 | ||
| 005 | 20190321142930.0 | ||
| 008 | 231111s1908----gw-ao#####---#000-0#ger-# | ||
| 041 | _ager | ||
| 044 | _agw | ||
| 050 | 4 | _b.M49 1908 | |
| 100 | 1 |
_aMeyer, M. W. _c(Max Wilhelm) _d1853-1910 _917412 |
|
| 245 | 1 | 0 |
_aVon Himmel und von der Erde. _cvon M. Wilhelm Meyer. |
| 260 |
_aStuttgart y Leipzig _bAnftalt _c1908 |
||
| 300 |
_a327 p. _bil., fotografĂas _c24 cm. |
||
| 500 | _aL199 | ||
| 650 | 1 | 4 |
_aAstronomĂa _97908 |
| 902 | _aGFM | ||
| 942 |
_2lcc _cB |
||
| 999 |
_c6679 _d6679 |
||